| 000 | 02956cam a22005174i 4500 | ||
|---|---|---|---|
| 003 | PE-LiUPU | ||
| 005 | 20250731172859.0 | ||
| 008 | 170103s2015 xxua rb 000 0 spa d | ||
| 020 | _a1451470037 | ||
| 020 | _a9781451470031 | ||
| 035 | _a(Sirsi) a165822 | ||
| 040 |
_aPE-LiUPU _bspa _cPE-LiUPU _erda |
||
| 049 | _aPRUA | ||
| 082 | 0 | 4 |
_a227.06 _bP29 _223 |
| 245 | 0 | 0 |
_aPaul within Judaism _h[electronic resource] : _brestoring the first-century context to the apostle / _cMark D. Nanos, Magnus Zetterholm, editors. |
| 264 | 1 |
_aMinneapolis, Minnesota : _bFortress Press, _c2015. |
|
| 300 |
_a350 páginas _bilustraciones ; _c23 centimetros |
||
| 336 |
_atext _2rdacontent |
||
| 337 |
_aunmediated _2rdamedia |
||
| 338 |
_avolume _2rdacarrier |
||
| 504 | _aBibliografía : páginas 303-327. | ||
| 505 | 0 | _aIntroduction / Mark D. Nanos -- Paul within Judaism : the state of the questions/Magnus Zetterholm -- The question of terminology : the architecture of contemporary discussions on Paul / Anders Runesson -- The question of assumptions : Torah observance in the first century/Karin Hedner Zetterholm -- The question of conceptualization : qualifying Paul's position on circumsion in dialogue with Josephus's advisor to King Izates / Mark D. Nanos -- The question of identity : Gentiles as Gentiles, but also not, in Pauline communities / Caroline Johnson Hodge -- The question of worship : gods, pagans, and the redemption of Israel / Paula Fredriksen -- The question of politics : Paul as a Diaspora Jew under Roman rule / Neil Elliott -- The question(s) of gender : relocating Paul in relation to Judaism / Kathy Ehrensperger -- Paul within Judaism : a critical evaluation from a "new perspective" perspective / Terence L. Donaldson. | |
| 526 | _aSEG42 | ||
| 526 | _aSEG41 | ||
| 526 | _aSEG40 | ||
| 526 | _aSEG39 | ||
| 526 | _aP94 | ||
| 526 | _aP87 | ||
| 526 | _aP86 | ||
| 526 | _aP85 | ||
| 526 | _aP77 | ||
| 526 | _aP76 | ||
| 526 | _aP35 | ||
| 650 | 0 | 4 |
_aEspístolas de Pablo _ xCriticismo, interpretación, etc. |
| 700 | 1 |
_aZetterholm, Magnus, _d1958- _eeditor. |
|
| 700 | 1 |
_aNanos, Mark D., _d1954- _eeditor. |
|
| 910 |
_ajck _bjvq _cjck _d20160103. |
||
| 910 |
_adbm _bncf _cncf _d20171214 |
||
| 942 |
_2ddc _cBOOK |
||
| 949 |
_a227.06 P29 _wDEWEY _c1 _i75488 _lCATALOGING _mBUL _p00.00 _r0 _sY _tBOOK _u2016-02-03 _xTEOLOGIA _zPOSGRADO TEOLOGÍA _0COMPRA _o.CIRCNOTE. El documento es de alto precio. _o.STAFF. Colección Teología |
||
| 596 | _a1 | ||
| 999 |
_a227.06 P29 _wDEWEY _c14571 _i75488 _f2021-11-9 _g5 _lCCODEBUL1 _mBUL _r0 _sY _tBOOK _u2017-1-3 _xTEOLOGIA _PP85 _0COMPRA _o.STAFF. Colección Teología _d14571 |
||
| 999 |
_a227.06 P29 _wDEWEY _c2 _i77616 _f2021-11-9 _g4 _lCCODEBUL1 _mBUL _p27.78 _r0 _sY _tBOOK _u2017-12-14 _xTEOLOGIA _PP85 _0COMPRA _o.STAFF. Colección Teología |
||
| 980 |
_81 _gALBERTO SANCHEZ Responsable de Automatización |
||